000 00549nam a22002057a 4500
003 koha_MIRAKIL
005 20231213100135.0
008 231213b |||||||| |||| 00| 0 ||| d
020 _b978-9-94469535-0
040 _aTR-IsEVY
_btur
_cTR-IsEVY
082 _a813.42 SER/K
100 _aSertbarut, Miyase.
245 0 _aKimsin sen ?
250 _a7. bs.
260 _bTudem,
_c2015
300 _a126 s.
650 _aTürk edebiyatı -- Roman -- 20. yüzyıl.
650 _aTurkish literature -- Fiction -- 20th century.
942 _2ddc
_cBK
999 _c15156
_d15156